Case lower urinary tract on cat in animal clinic at preahanouk province, ករណីបញ្ហាតម្រងនោមផ្នែកខាងក្រោមរបស់ពិឡារ នៅគ្លីនិកសត្វក្នុងខេត្តព្រះសីហនុ​​​​ (Record no. 25693)

000 -LEADER
fixed length control field 00585nam a22001217a 4500
040 ## - CATALOGING SOURCE
Transcribing agency RUA
082 ## - DEWEY DECIMAL CLASSIFICATION NUMBER
Classification number DVM SAM 2025 B707 Or.1
100 ## - MAIN ENTRY--AUTHOR NAME
Personal name SAM SREYLOENG, សំ ស្រីឡឹង
245 ## - TITLE STATEMENT
Title Case lower urinary tract on cat in animal clinic at preahanouk province, ករណីបញ្ហាតម្រងនោមផ្នែកខាងក្រោមរបស់ពិឡារ នៅគ្លីនិកសត្វក្នុងខេត្តព្រះសីហនុ​​​​
260 ## - PUBLICATION, DISTRIBUTION, ETC. (IMPRINT)
Place of publication PHNOM PENH
Name of publisher RUA
Year of publication 2025
300 ## - PHYSICAL DESCRIPTION
Number of Pages XI,54P.
Other physical details ILL.
Dimensions 29CM.
942 ## - ADDED ENTRY ELEMENTS (KOHA)
Koha item type MGR
952 ## - LOCATION AND ITEM INFORMATION (KOHA)
Withdrawn status [LOCAL, KOHA] 0
952 ## - LOCATION AND ITEM INFORMATION (KOHA)
Withdrawn status [LOCAL, KOHA] 0
Holdings
Permanent Location Date acquired Koha item type Lost status Shelving location Barcode Current Location Full call number
Library Block B2026-04-20MGR B707B7121106Library Block BDVM SAM 2025 B707 Or.1
Library Block B2026-04-20MGR B707B712033Library Block BDVM SAM 2025 B707 Or.2
មជ្ឈមណ្ឌលឯការនៃសាកលវិទ្យាល័យភូមិន្ទកសិកម្មចំការដូង

Powered by Koha